000 02948ngm a22004574i 4500
001 991061308198106706
003 ES-BaIT
005 20260209145545.0
008 250404s2007 xxu||| |-|||||q|| vleng|c
024 3 _a089948441199
028 4 0 _a4411
_bVAI
040 _aES-BaIT
_bcat
_erda
_cES-BaIT
080 _a793(123)
130 0 _aSkaz o kammenom tsvetke Coreografia
_9108587
245 1 4 _aThe stone flower /
_cmusic by Sergei Prokofiev ; director Valery Gorbatsevich ; choreography: Yuri Grigorovich ; Bolshoi Ballet; Bolshoi Theater Orchestra ; Alexander Kopilov, Conductor
264 1 _aNew York :
_bVideo Artists International,
_c2007
300 _a1 videodisc (DVD) (111 min):
_bcolor, so;
_c19 cm
336 _aimatge en moviment bidimensional
_btdi
_2rdacontent
337 _avídeo
_bv
_2rdamedia
338 _avideodisc
_bvd
_2rdacarrier
344 _adigital
_bmagnètic
_gmono
_hDolby digital 5.1
_2rda
346 _bNTSC
347 _afitxer vídeo
_bDVD vídeo
_etotes les regions
_2rda
500 _aFormat de pantalla (4:3)
500 _aInclou un bonus: Pas de Deux from Anyuta / music by Valery Cavrilin ; choreography by Vladimir Vasiliev ; danced by Ekaterina Maximova and Marat Daukayev ; produced by Lenfilm for Gosteleradio, 1982
508 _aProduced by Literature and Drama Department of Gosteleradio, 1979
511 1 _aRepartiment: Ekaterina Maximova (Katerina), Vladimimr Vasiliev (Danila), Svetlana Adirkhaeva (The Mistress of the Copper mountain), Vladimir Levashov (Severyan)
518 _aEnregistrat al Moscow's Bolshoi Theater el 1979
520 _a"In 1959, Yuri Grigorovich recreated his successful 1957 Kirov staging of The Stone Flower for the Bolshoi Ballet. The new version became the acclaimed centerpiece of the Bolshoi's first U.S. tour in that same year, featuring the stars of the premiere, Vladimir Vasiliev and Ekaterina Maximova as the lovers Danila and Katerina. Set to Prokofiev's last score for the ballet, The Stone Flower is regarded by Russian dancers, choreographers and critics as one of the greatest of Russian ballets. The compelling libretto, set by the composer's wife, derives from the book The Malachite Casket by P. Bazhov who based his stories on miners' tales from the Ural Mountains. In 1979, Maximova and Vasiliev were reunited for a gala performance at Moscow's Bolshoi Theater"--Contenidor
650 4 _aDansa clàssica
_xCoreografies
_956589
650 4 _aDansa clàssica
_xPas de deux
_xCoreografies
_994242
700 1 _aGrigorovitx, Iuri Nikolàievitx,
_d1927-2025
_ecoreògraf
_9165927
700 1 _aKopilov, Alexander
_edirector d'orquestra
_9168389
700 1 _aGorbatsevich, Valery
_edirector artístic
_9168390
710 2 _aBolshoi teatr SSSR.
_bBalet
_eballarí
_994184
710 2 _aBolshoĭ teatr Rossii.
_bOrkestr
_eintèrpret
_996231
730 0 _aAnyuta (Coreografia: Vasiliev)
_9168388
908 _aCDMAE
940 _aCDMAE
942 _2udc
_c5
999 _c137037
_d137037